000 00978nam a2200229Ia 4500
005 20240223143807.0
008 130821s1998 xx gr spa
020 _a9977674957
040 _aCo-BoUCM
_bspa
_cDavid Moreno (modificó)
_dDavid Moreno (modificó)
041 0 0 _aspa
100 1 _aEdelman, Marc
_9164109
245 1 3 _aLa lógica del latifundio las grandes propiedades del noroeste de Costa Rica desde fines del siglo XIX
_cMarc Edelman; traducción Jeanina Umaña Aguiar
260 _aSan José, CR
_bStanford University Press
_c1998
300 _a516 Páginas
650 1 7 _aAgricultura
_xCosta Rica
_ySiglo XIX
_98719
650 1 7 _aEconomía de la tierra
_xCosta Rica
_ySiglo XIX
_913677
650 1 7 _aPlanificación regional
_xCosta Rica
_ySiglo XIX
_97932
650 1 7 _a Latifundio
_98719
_yHaciendas del siglo XX
_zCosta Rica
700 1 _aUmaña Aguiar, Jeanina
_9164523
942 _cLIBRO
_a7
_e1
_mE22L
_2DEWEY
_h333.72
_n0
999 _c57756
_d57756